Quel est le nom de leur stade (Spéciale Ligue 1) - Statistiques

Statistiques générales
  • Ce quiz a été pris 78 fois
    39 depuis la dernière actualisation
  • Le résultat moyen est 10 sur 18
Statistiques - réponses
Equipes Stades % Correct
Paris Saint Germain Parc des Princes
97%
AS Monaco Stade Louis II
91%
Olympique Lyonnais Groupama Stadium
75%
Olympique de Marseille Orange Vélodrome
75%
OGC Nice Allianz Riviera
66%
LOSC Lille Stade Pierre Mauroy
63%
Stade Rennais Roazhon Park
56%
FC Nantes Stade de la Beaujoire
56%
Montpellier Hérault Stade de la Mosson
56%
Stade Brestois Stade Francis Le Blé
50%
Le Havre AC Stade Océane
44%
FC Metz Stade Saint-Symphorien
44%
RC Lens Stade Bollaert-Delelis
41%
Stade de Reims Stade Auguste Delaune
38%
Clermont Foot Stade Gabriel-Montpied
34%
Toulouse FC Stadium de Toulouse
31%
FC Lorient Stade du Moustoir
28%
RC Strasbourg Stade de la Meinau Strasbourg
25%
Aucun quiz correspondant
Distribution des résultats
% des personnes avec chaque résultat
Percentile par nombre de réponses
Votre historique - résultats
Vous n’avez pas pris ce quiz depuis la dernière actualisation